000
00289nam a22001337a 4500
082
_a
894.812
_b
KAK/A
100
_a
KARASSERY, M N
245
_a
ALOCHANA
250
_a
1
260
_a
THRISSUR
_b
CURRENT BOOKS
_c
1995
300
_a
120
650
_a
MALAYALAM SHORT STORY
_z
KERALA
942
_c
BK
999
_c
1343
_d
1343